000 00621nam a2200217Ia 4500
003 BUBTL
008 151213s9999 xx 000 0 und d
020 _a0582312876
082 _a801.950904/ L8212m/
_b
100 _aLadge, David
_94847
245 _aModern Criticism and Theory : a reader /
_cDavid Ladge, Nigel Wood
250 _a2nd Edn
260 _aU K
_bPearson Education
_cc2000
300 _a[xvii],532p. :
_b24 cm
500 _aIncludes Index
650 _aEnglish
700 _aDavid Lodge, Nigel Wood
_94848
856 _k0
_l0
_yDownload
942 _2ddc
_cBK
999 _c3801
_d3801